书目信息 |
| 题名: |
TIME《时代》周刊精选阅读与词汇进阶
|
|
| 作者: | 利昂诺, 编著 ;丁大刚 , 庄小荣 编写 | |
| 分册: | ||
| 出版信息: | 大连 大连理工大学出版社 2006.01 |
|
| 页数: | 363页 | |
| 开本: | 21cm | |
| 丛书名: | ||
| 单 册: | ||
| 中图分类: | H319.4 | |
| 科图分类: | ||
| 主题词: | 英语--ying yu--阅读教学 | |
| 电子资源: | ||
| ISBN: | 7-5611-3005-8 | |
| 000 | 01034nam0 2200253 450 | |
| 001 | 012006541395 | |
| 005 | 20060919101228.78 | |
| 010 | @a7-5611-3005-8@dCNY23.00 | |
| 100 | @a20060617d2006 km y0chiy0120 ea | |
| 101 | 1 | @achi@aeng |
| 102 | @aCN@b210000 | |
| 105 | @aab z 000yy | |
| 200 | 1 | @aTIME《时代》周刊精选阅读与词汇进阶@ATIME《shi dai》zhou kan jing xuan yue du yu ci hui jin jie@fLinda Schinke Liano编著@FLinda Schinke Liano bian zhu@g丁大刚, 庄小荣编写@Gding da gang,zhuang xiao rong bian xie |
| 210 | @a大连@c大连理工大学出版社@d2006.01 | |
| 215 | @a363页@c图, 地图@d21cm | |
| 304 | @a封面责任者题 : 丁大刚, 庄小荣编译 | |
| 330 | @a本书精选美国《时代周刊》文章,从生活方式、健康、科技、休闲等七大主题反映美国及美国人的方方面面。 | |
| 606 | 0 | @a英语@Aying yu@x阅读教学 |
| 690 | @aH319.4@v4 | |
| 701 | 1 | @a利昂诺,@Ali ang nuo,@bL. S.@g(Liano, Linda Schinke)@4编著 |
| 702 | 0 | @a丁大刚@Ading da gang@4编写 |
| 702 | 0 | @a庄小荣@Azhuang xiao rong@4编写 |
| 801 | 0 | @aCN@bQSSK@c20060919 |
| 905 | @a10447@dH319.4@eL365 | |
| TIME《时代》周刊精选阅读与词汇进阶/Linda Schinke Liano编著/丁大刚, 庄小荣编写.-大连:大连理工大学出版社,2006.01 |
| 363页:图, 地图;21cm |
| ISBN 7-5611-3005-8:CNY23.00 |
| 本书精选美国《时代周刊》文章,从生活方式、健康、科技、休闲等七大主题反映美国及美国人的方方面面。 |
| ● |
| 相关链接 |
|
|
|
正题名:TIME《时代》周刊精选阅读与词汇进阶
索取号:H319.4/L365
 
预约/预借
| 序号 | 登录号 | 条形码 | 馆藏地/架位号 | 状态 | 备注 |
| 1 | 588547 | 205885470 | 语言库209/209语言库 16排1列1层/ [索取号:H319.4/L365] | 在馆 | |
| 2 | 588548 | 205885489 | 语言库209/ [索取号:H319.4/L365] | 在馆 | |
| 3 | 588549 | 205885498 | 语言库209/ [索取号:H319.4/L365] | 在馆 |